Getting down to business : (Record no. 50795)
[ view plain ]
| 000 -LEADER | |
|---|---|
| fixed length control field | 01161nam a22002297a 4500 |
| 008 - FIXED-LENGTH DATA ELEMENTS--GENERAL INFORMATION | |
| fixed length control field | 170620b xxu||||| |||| 00| 0 eng d |
| 020 ## - INTERNATIONAL STANDARD BOOK NUMBER | |
| International Standard Book Number | 1576854140 (alk. paper) |
| 020 ## - INTERNATIONAL STANDARD BOOK NUMBER | |
| International Standard Book Number | 9781576854143 (alk. paper) |
| 050 ## - LIBRARY OF CONGRESS CALL NUMBER | |
| Classification number | PE1479.B87 |
| Item number | K53 2002 |
| 100 ## - MAIN ENTRY--PERSONAL NAME | |
| Personal name | Kirschman, DeaAnne |
| 245 ## - TITLE STATEMENT | |
| Title | Getting down to business : |
| Remainder of title | successful writing at work / |
| Statement of responsibility, etc | DeaAnne Kirschman |
| 260 ## - PUBLICATION, DISTRIBUTION, ETC. (IMPRINT) | |
| Place of publication, distribution, etc | New York : |
| Name of publisher, distributor, etc | LearningExpress, |
| Date of publication, distribution, etc | 2002 |
| 300 ## - PHYSICAL DESCRIPTION | |
| Extent | xiv, 220 p. ; |
| Dimensions | 26 cm |
| 505 ## - FORMATTED CONTENTS NOTE | |
| Formatted contents note | Basic training -- Composition -- Sample letters -- Grammar |
| 520 ## - SUMMARY, ETC. | |
| Summary, etc | Teaches the fundamentals of effective business writing, from organizing thoughts and ideas to keeping correspondence clear and simple. Includes instruction on composition, form and style, grammar and punctuation. Illustrates the main components and formats of a business letter and includes samples of business letters for every situation, including e-mail correspondence |
| 650 ## - SUBJECT ADDED ENTRY--TOPICAL TERM | |
| Topical term or geographic name as entry element | English language |
| General subdivision | Business English |
| 650 ## - SUBJECT ADDED ENTRY--TOPICAL TERM | |
| Topical term or geographic name as entry element | English language |
| General subdivision | Rhetoric |
| 650 ## - SUBJECT ADDED ENTRY--TOPICAL TERM | |
| Topical term or geographic name as entry element | English language |
| General subdivision | Grammar |
| 650 ## - SUBJECT ADDED ENTRY--TOPICAL TERM | |
| Topical term or geographic name as entry element | Business report writing |
| 650 ## - SUBJECT ADDED ENTRY--TOPICAL TERM | |
| Topical term or geographic name as entry element | Business writing |
| 942 ## - ADDED ENTRY ELEMENTS (KOHA) | |
| Source of classification or shelving scheme | Library of Congress Classification |
| Item type | Book |
| Withdrawn status | Lost status | Source of classification or shelving scheme | Damaged status | Not for loan | Collection code | Home library | Current library | Shelving location | Date acquired | Source of acquisition | Cost, normal purchase price | Total Checkouts | Full call number | Barcode | Copy number | Price effective from | Koha item type |
|---|---|---|---|---|---|---|---|---|---|---|---|---|---|---|---|---|---|
| Library of Congress Classification | Non-fiction | Nakuru Campus | Nakuru Campus | General Circulation | 20/06/2017 | Donations- BFA | 4500.00 | PE1479.B87 K53 2002 | 053974 | 1 | 20/06/2017 | Book |